Sự tồn tại và duy nhất nghiệm của phương trình vi phân mờ dưới H- đạo hàm tổng quát : Luận văn tốt nghiệp Cao học. Chuyên ngành Toán giải tích

Trình bày một số kiến thức về không gian metric tập và metric mờ, một số lớp phương trình vi phân mờ.

Wedi'i Gadw mewn:
Manylion Llyfryddiaeth
Prif Awdur: Phạm, Hữu Hiển
Fformat: Llyfr
Iaith:Undetermined
Cyhoeddwyd: Cần Thơ Trường Đại học Cần Thơ 2017
Pynciau:
Tagiau: Ychwanegu Tag
Dim Tagiau, Byddwch y cyntaf i dagio'r cofnod hwn!
Thư viện lưu trữ: Trung tâm Học liệu Trường Đại học Cần Thơ
LEADER 00999nam a2200205Ia 4500
001 CTU_224856
008 210402s9999 xx 000 0 und d
082 |a 515.35 
082 |b H305 
100 |a Phạm, Hữu Hiển 
245 0 |a Sự tồn tại và duy nhất nghiệm của phương trình vi phân mờ dưới H- đạo hàm tổng quát : 
245 0 |b Luận văn tốt nghiệp Cao học. Chuyên ngành Toán giải tích 
245 0 |c Phạm Hữu Hiển ; Nguyễn Đình Phư (Cán bộ hướng dẫn) 
260 |a Cần Thơ 
260 |b Trường Đại học Cần Thơ 
260 |c 2017 
520 |a Trình bày một số kiến thức về không gian metric tập và metric mờ, một số lớp phương trình vi phân mờ. 
650 |a Phương trình vi phân,Differential equations 
910 |b nthai 
980 |a Trung tâm Học liệu Trường Đại học Cần Thơ